000 00818nam a2200217 a 4500
999 _c6308
_d6308
001 6308
003 BD-JhCC
005 20180121101215.0
008 180121s2009 bg |||| ||a| 000 0 ben d
035 _a(BD-JhCC)6308
040 _aBD-JhCC
_dBD-JhCC
041 _aben
082 _a297.53
_bJAH 2009
100 _aজাহাঙ্গীর, খোন্দকার আব্দুল্লাহ
245 _aকুরআন-সুন্নাহর আলোকে শবে-বরাত ফযীলত ও আমল /
_cখোন্দকার আব্দুল্লাহ জাহাঙ্গীর
260 _aঝিনাইদহ :
_bআস-সুন্নাহ পাবলিকেশন্স,
_c2009.
300 _a63 p. :
_c22 cm.
650 _aRamadan
942 _2ddc
_cBK